000 00714nam a22002417a 4500
003 OSt
005 20140310181741.0
008 130323t xxu||||| |||| 00| 0 eng d
020 _a0879666048
050 _aLB 1575.37
_b.B715 1979
082 _aTR 372.6s
_bB64hg 1979
100 _aBoning, Richard A.
_9392
245 _aReading homographs. :
_badv. 1 through adv. 2 /
_cRichard A. Boning.
250 _a3rd ed.
260 _aNew York :
_bBarnell Loft Ltd,
_cc1979.
300 _a50 p. ;
_c18 cm.
521 _aFaculty
541 _j1
562 _e1
650 _aReading
_xProgrammed instruction.
_9829
650 _aReading
_xStudy and teaching (Elementary).
_9830
942 _2lcc
_cBK-TR
_kTR
999 _c2777
_d2777